000
00252nam a22001097a 4500
999
_c
534084
_d
534084
040
_c
MSOHAIL
082
_a
891.439301
100
_a
Mumtaz Mufti -
_9
370
245
_a
Pyaz Ke Chilkay /
_b
پیاز کے چھلکے
300
_a
184;p
942
_2
ddc
_c
BK